The adventures of Pinocchio : story of a puppet
Αποθηκεύτηκε σε:
| Κύριος συγγραφέας: | |
|---|---|
| Μορφή: | Βιβλίο |
| Γλώσσα: | English Italian |
| Δημοσίευση: |
Berkeley :
University of California Press,
1986
|
| Θέματα: | |
| Ετικέτες: |
Προσθήκη ετικέτας
Δεν υπάρχουν, Καταχωρήστε ετικέτα πρώτοι!
|
MARC
| LEADER | 00000nam a2200000 i 4500 | ||
|---|---|---|---|
| 001 | 1/88901 | ||
| 008 | 930913s1986 eng d | ||
| 020 | |a 0-520-05404-0 | ||
| 035 | |a 1990 |b 2 |c Αγορά/Ζερβού |l 10035615 | ||
| 040 | |a GR-MY-UA |b gre |e aacr | ||
| 041 | 0 | |a eng |a ita | |
| 082 | 0 | |a 853.8 | |
| 100 | 1 | |a Collodi, Carlo |d 1826-1890. | |
| 245 | 1 | 4 | |a The adventures of Pinocchio : |b story of a puppet / |c Carlo Collodi ; translated with an introductory essay and notes by Nicolas j. Perella |
| 260 | |a Berkeley : |b University of California Press, |c 1986 | ||
| 300 | |a 498 p. | ||
| 650 | 0 | 0 | |a Italian fiction. |
| 650 | 0 | 0 | |a Children's stories, Italian. |
| 852 | |a INST |b RHODES |e 19930913 |h 853.8 COL |p 005400002224 |q 005400002224 |t BK |y 0 | ||
| 909 | |a Ρ |b 017690 |c 1990 | ||